000
00309nam a22001337a 4500
008
181218b xxu||||| |||| 00| 0 eng d
020
_a
9781591470472
041
_a
eng
080
_a
159.9
100
_a
49
101
_a
PSI
245
_a
Psychology. Builds a Healthy World
_c
Rozensky, R.H
942
_2
udc
_c
BK
999
_c
53426
_d
53426